[Event "PRAGUE OPEN 2020 - B - FIDE open"]
[Site "Praha, Olympik hotel"]
[Date "2020.01.16"]
[Round "8"]
[White "DENIZET, Briac"]
[Black "KUSAK, Lubomir"]
[Result "1-0"]
[WhiteElo "1852"]
[BlackElo "1767"]
[PlyCount "43"]
[EventDate "2020.01.10"]

1. e4 d5 2. exd5 Nf6 3. d4 Nxd5 4. c4 Nf6 5. Nf3 c6 6. Nc3 Bf5 7. Bd3 Bxd3 8.
Qxd3 e6 9. Bg5 Nbd7 10. O-O Be7 11. d5 Nxd5 12. cxd5 Bxg5 13. dxe6 fxe6 14.
Nxg5 Qxg5 15. Ne4 Qd5 16. Qe3 Nf6 17. Nc5 Kf7 18. Rfd1 Qf5 19. Nxb7 Ke7 20.
Qa3+ c5 21. Nxc5 Nd5 22. Ne4+ 1-0

[Event "PRAGUE OPEN 2020 - B - FIDE open"]
[Site "Praha, Olympik hotel"]
[Date "2020.01.16"]
[Round "8"]
[White "KORENEK, Frantisek"]
[Black "PACL, Vaclav"]
[Result "1/2-1/2"]
[WhiteElo "1944"]
[BlackElo "2042"]
[PlyCount "29"]
[EventDate "2020.01.10"]

1. e4 d5 2. exd5 Qxd5 3. Nf3 Qd8 4. d4 Nf6 5. Nc3 Bf5 6. Bd3 Bg4 7. h3 Bh5 8.
Be2 Nc6 9. Be3 e6 10. O-O Be7 11. Ne5 Nd7 12. Qd2 O-O 13. Nxc6 bxc6 14. Qd3
Bxe2 15. Qxe2 1/2-1/2

[Event "PRAGUE OPEN 2020 - B - FIDE open"]
[Site "Praha, Olympik hotel"]
[Date "2020.01.16"]
[Round "8"]
[White "PALKA, Miroslav"]
[Black "PFLANTZ, Mike"]
[Result "1-0"]
[WhiteElo "1860"]
[BlackElo "1927"]
[PlyCount "57"]
[EventDate "2020.01.10"]

1. c4 e5 2. Nc3 Nf6 3. e4 Bc5 4. g3 d6 5. h3 a6 6. Bg2 O-O 7. Nge2 Nc6 8. O-O
Be6 9. d3 h6 10. Nd5 Nh7 11. Kh2 f5 12. f4 Kh8 13. Nec3 Nd4 14. exf5 Bxf5 15.
Ne3 Bc8 16. Nc2 c6 17. Nxd4 Bxd4 18. Ne2 Ba7 19. d4 exd4 20. Nxd4 Bd7 21. Nf3
Qf6 22. Qb3 b5 23. Bd2 Be6 24. Bc3 Qf7 25. Qc2 Bxc4 26. Rfd1 Bd5 27. Nh4 Rfc8
28. Rxd5 cxd5 29. Bxd5 1-0

[Event "PRAGUE OPEN 2020 - B - FIDE open"]
[Site "Praha, Olympik hotel"]
[Date "2020.01.16"]
[Round "8"]
[White "MICHEL, Ladislav"]
[Black "SVETLY, Jiri"]
[Result "0-1"]
[WhiteElo "1708"]
[BlackElo "1874"]
[PlyCount "52"]
[EventDate "2020.01.10"]

1. d4 Nf6 2. Bf4 d5 3. e3 c5 4. c3 Nc6 5. Nf3 cxd4 6. exd4 Bf5 7. Qb3 Qc8 8.
Be2 e6 9. Nbd2 Be7 10. Nh4 Be4 11. Nxe4 Nxe4 12. Nf3 O-O 13. Nd2 Nd6 14. O-O g5
15. Be3 f5 16. f4 g4 17. c4 Na5 18. Qd1 Naxc4 19. Nxc4 Nxc4 20. Bxc4 Qxc4 21.
Rc1 Qb4 22. Rf2 Bd8 23. h3 h5 24. hxg4 hxg4 25. g3 Bb6 26. Kg2 Kg7 0-1

[Event "PRAGUE OPEN 2020 - B - FIDE open"]
[Site "Praha, Olympik hotel"]
[Date "2020.01.16"]
[Round "8"]
[White "KOLMAS, Oldrich"]
[Black "KORMANOS, Samuel"]
[Result "1/2-1/2"]
[WhiteElo "1711"]
[BlackElo "1494"]
[PlyCount "51"]
[EventDate "2020.01.10"]

1. e4 e5 2. Bc4 Nc6 3. Nf3 Bc5 4. O-O Nf6 5. Nc3 O-O 6. a3 a5 7. h3 d6 8. d3 h6
9. Bd2 Be6 10. Ba2 d5 11. exd5 Bxd5 12. Bxd5 Nxd5 13. Nxd5 Qxd5 14. Be3 Nd4 15.
Nxd4 exd4 16. Bf4 Bd6 17. Bxd6 Qxd6 18. Qf3 Qb6 19. b3 Rfe8 20. Rfe1 c6 21. a4
Qc5 22. Re2 Re6 23. Rxe6 fxe6 24. Qe2 Re8 25. Qd2 e5 26. f3 1/2-1/2

[Event "PRAGUE OPEN 2020 - B - FIDE open"]
[Site "Praha, Olympik hotel"]
[Date "2020.01.16"]
[Round "8"]
[White "KUBIK, Jaroslav"]
[Black "SCHOEPPE, Christian"]
[Result "1/2-1/2"]
[WhiteElo "1695"]
[BlackElo "1490"]
[PlyCount "32"]
[EventDate "2020.01.10"]

1. c4 Nf6 2. Nc3 g6 3. d4 c6 4. e4 d6 5. h3 Bg7 6. Nf3 O-O 7. Be3 Nbd7 8. Bd3
a6 9. O-O b5 10. Rc1 Bb7 11. b3 e5 12. Qe2 exd4 13. Nxd4 Ne5 14. f3 b4 15. Na4
Nh5 16. Nc2 c5 1/2-1/2

[Event "PRAGUE OPEN 2020 - B - FIDE open"]
[Site "Praha, Olympik hotel"]
[Date "2020.01.16"]
[Round "8"]
[White "MITHULA, Venugopal Srinivasan"]
[Black "KISELEVA, Elizaveta"]
[Result "0-1"]
[WhiteElo "1356"]
[BlackElo "1668"]
[PlyCount "50"]
[EventDate "2020.01.10"]

1. e4 c5 2. Nf3 d6 3. d4 cxd4 4. Nxd4 Nf6 5. Nc3 a6 6. Bg5 e6 7. Bc4 Be7 8. Qd3
O-O 9. O-O Nbd7 10. Rfe1 Ne5 11. Qf1 b5 12. Bb3 b4 13. Nd1 h6 14. Bf4 Qb6 15.
Bxe5 dxe5 16. Nf3 Bb7 17. Nxe5 Qc7 18. Nc4 Nxe4 19. Nde3 Bc5 20. Red1 f5 21. f3
f4 22. fxe4 fxe3 23. Qe2 Rf2 24. Qd3 e2 25. Rf1 Rxf1# 0-1

[Event "PRAGUE OPEN 2020 - B - FIDE open"]
[Site "Praha, Olympik hotel"]
[Date "2020.01.16"]
[Round "8"]
[White "MYKISKA, Vojtech"]
[Black "OMARSSON, Adam"]
[Result "0-1"]
[WhiteElo "1605"]
[BlackElo "1241"]
[PlyCount "40"]
[EventDate "2020.01.10"]

1. e4 g6 2. d4 Bg7 3. e5 d6 4. f4 c5 5. c3 Nd7 6. Bc4 Nb6 7. Bb3 Nh6 8. h3 c4
9. Bc2 f6 10. Nf3 Nf7 11. exf6 Bxf6 12. Ng5 O-O 13. d5 Bxg5 14. fxg5 Ne5 15.
Qd4 Bf5 16. Bxf5 Rxf5 17. Rf1 Nd3+ 18. Ke2 Rxf1 19. Kxf1 Nxc1 20. Nd2 Qf8+ 0-1

[Event "PRAGUE OPEN 2020 - A - IM open"]
[Site "?"]
[Date "2020.01.17"]
[Round "9"]
[White "Low, Zhen Yu Cyrus"]
[Black "Quesada Perez, Luis Ernesto"]
[Result "1/2-1/2"]
[BlackElo "2491"]
[WhiteElo "2415"]
[LiveChessVersion "1.4.8"]

1. e4 {[%clk 1:30:56]} e6 {[%clk 1:27:55]} 2. d4 {[%clk 1:30:43]} d5
{[%clk 1:28:21]} 3. Nc3 {[%clk 1:31:04]} Nf6 {[%clk 1:28:40]} 4. e5
{[%clk 1:31:27]} Nfd7 {[%clk 1:29:04]} 5. f4 {[%clk 1:31:53]} c5 {[%clk 1:29:30]}
6. Nf3 {[%clk 1:32:17]} Nc6 {[%clk 1:29:49]} 7. Be3 {[%clk 1:32:40]} a6
{[%clk 1:28:40]} 8. Qd2 {[%clk 1:33:01]} b5 {[%clk 1:28:56]} 9. Be2
{[%clk 1:33:19]} Qb6 {[%clk 1:29:00]} 10. Nd1 {[%clk 1:33:18]} cxd4
{[%clk 1:26:39]} 11. Nxd4 {[%clk 1:33:20]} Nxd4 {[%clk 1:26:45]} 12. Bxd4
{[%clk 1:33:30]} Bc5 {[%clk 1:27:04]} 13. c3 {[%clk 1:33:23]} b4 {[%clk 1:27:26]}
14. O-O {[%clk 1:29:01]} a5 {[%clk 1:26:30]} 15. Kh1 {[%clk 1:25:43]} O-O
{[%clk 1:16:16]} 16. Ne3 {[%clk 1:19:18]} f6 {[%clk 1:15:40]} 17. exf6
{[%clk 1:13:55]} Nxf6 {[%clk 1:15:17]} 18. Ng4 {[%clk 1:06:38]} Ne4
{[%clk 1:11:30]} 19. Qe3 {[%clk 1:06:51]} Ba6 {[%clk 1:10:23]} 20. Bxa6
{[%clk 1:05:00]} Bxd4 {[%clk 1:10:43]} 21. cxd4 {[%clk 1:05:09]} Qxa6
{[%clk 1:10:59]} 22. Nf2 {[%clk 1:03:59]} Nxf2+ {[%clk 1:04:37]} 23. Rxf2
{[%clk 1:03:59]} Rac8 {[%clk 1:04:26]} 1/2-1/2

[Event "PRAGUE OPEN 2020 - A - IM open"]
[Site "?"]
[Date "2020.01.17"]
[Round "9"]
[White "Stankovic, Milos"]
[Black "Budnikov, Oleg"]
[Result "0-1"]
[BlackElo "2432"]
[WhiteElo "2466"]
[LiveChessVersion "1.4.8"]

1. e4 {[%clk 1:28:41]} d6 {[%clk 1:20:34]} 2. d4 {[%clk 1:28:45]} Nf6
{[%clk 1:20:56]} 3. Nc3 {[%clk 1:28:34]} g6 {[%clk 1:21:21]} 4. Be3
{[%clk 1:25:20]} Bg7 {[%clk 1:21:30]} 5. Nf3 {[%clk 1:25:31]} c6 {[%clk 1:21:45]}
6. Bd3 {[%clk 1:24:32]} O-O {[%clk 1:22:00]} 7. Qd2 {[%clk 1:21:08]} b5
{[%clk 1:14:57]} 8. a4 {[%clk 1:20:20]} b4 {[%clk 1:13:09]} 9. Ne2
{[%clk 1:19:28]} a5 {[%clk 1:13:29]} 10. Bh6 {[%clk 1:17:44]} Bg4
{[%clk 1:06:11]} 11. Ng3 {[%clk 1:13:52]} Qb6 {[%clk 1:02:57]} 12. Bxg7
{[%clk 1:07:11]} Kxg7 {[%clk 1:01:21]} 13. Qg5 {[%clk 1:07:11]} h6
{[%clk 0:59:07]} 14. Qe3 {[%clk 1:06:56]} Nbd7 {[%clk 0:53:01]} 15. h3
{[%clk 0:51:11]} Bxf3 {[%clk 0:52:47]} 16. gxf3 {[%clk 0:51:25]} e5
{[%clk 0:52:59]} 17. Rg1 {[%clk 0:50:53]} Kh7 {[%clk 0:53:18]} 18. dxe5
{[%clk 0:47:37]} dxe5 {[%clk 0:52:01]} 19. Bc4 {[%clk 0:42:43]} Rad8
{[%clk 0:51:02]} 20. O-O-O {[%clk 0:41:18]} Qc7 {[%clk 0:50:47]} 21. h4
{[%clk 0:38:01]} Nb6 {[%clk 0:47:00]} 22. Qb3 {[%clk 0:37:39]} Rd4
{[%clk 0:46:48]} 23. Rxd4 {[%clk 0:33:38]} exd4 {[%clk 0:46:37]} 24. h5
{[%clk 0:32:56]} Nxh5 {[%clk 0:39:17]} 25. Nxh5 {[%clk 0:28:30]} gxh5
{[%clk 0:39:15]} 26. Kb1 {[%clk 0:28:33]} Qh2 {[%clk 0:36:28]} 27. Rd1
{[%clk 0:28:06]} Kg7 {[%clk 0:33:24]} 28. Rxd4 {[%clk 0:24:37]} Qxf2
{[%clk 0:32:36]} 29. Qd3 {[%clk 0:21:14]} Nxa4 {[%clk 0:27:47]} 30. Qd1
{[%clk 0:20:02]} Qg3 {[%clk 0:25:34]} 31. f4 {[%clk 0:18:37]} Nb6
{[%clk 0:22:43]} 32. Bd3 {[%clk 0:09:39]} Qxf4 {[%clk 0:17:57]} 33. Qxh5
{[%clk 0:09:59]} Qg5 {[%clk 0:18:02]} 34. Qh2 {[%clk 0:10:19]} Re8
{[%clk 0:13:34]} 35. Rd6 {[%clk 0:09:53]} a4 {[%clk 0:13:23]} 36. Qf2
{[%clk 0:08:32]} Qe5 {[%clk 0:12:10]} 37. Qg1+ {[%clk 0:09:01]} Kf8
{[%clk 0:12:31]} 38. Rxc6 {[%clk 0:07:58]} a3 {[%clk 0:12:05]} 39. Qc1
{[%clk 0:07:17]} Na4 {[%clk 0:11:39]} 40. Qxh6+ {[%clk 0:03:14]} Ke7
{[%clk 0:10:01]} 41. c3 {[%clk 0:03:04]} Rh8 {[%clk 0:02:11]} 42. Qe3
{[%clk 0:27:51]} Rh1+ {[%clk 0:31:33]} 43. Ka2 {[%clk 0:27:09]} axb2
{[%clk 0:31:31]} 44. Kb3 {[%clk 0:23:13]} Nxc3 {[%clk 0:29:24]} 45. Rc5
{[%clk 0:22:53]} b1=Q+ {[%clk 0:27:38]} 46. Bxb1 {[%clk 0:23:15]} Rxb1+
{[%clk 0:28:02]} 47. Kc2 {[%clk 0:23:24]} Qh2+ {[%clk 0:27:28]} 48. Kd3
{[%clk 0:23:36]} Rd1+ {[%clk 0:27:51]} 49. Kc4 {[%clk 0:23:58]} Qa2+
{[%clk 0:28:05]} 50. Kxb4 {[%clk 0:24:06]} Qa4+ {[%clk 0:28:18]} 51. Kxc3
{[%clk 0:24:19]} Qa3+ {[%clk 0:28:44]} 0-1

[Event "PRAGUE OPEN 2020 - A - IM open"]
[Site "?"]
[Date "2020.01.17"]
[Round "9"]
[White "Vokac, Marek"]
[Black "Kozak, Antoni"]
[Result "0-1"]
[BlackElo "2380"]
[WhiteElo "2334"]
[LiveChessVersion "1.4.8"]

1. d4 {[%clk 1:30:50]} Nf6 {[%clk 1:30:51]} 2. c4 {[%clk 1:31:11]} e6
{[%clk 1:31:17]} 3. Nf3 {[%clk 1:31:35]} c5 {[%clk 1:31:43]} 4. d5
{[%clk 1:31:58]} exd5 {[%clk 1:32:10]} 5. cxd5 {[%clk 1:32:22]} d6
{[%clk 1:32:37]} 6. Nc3 {[%clk 1:32:46]} g6 {[%clk 1:33:04]} 7. Nd2
{[%clk 1:32:23]} Nbd7 {[%clk 1:26:08]} 8. e4 {[%clk 1:23:22]} Bg7
{[%clk 1:15:37]} 9. Be2 {[%clk 1:22:04]} O-O {[%clk 1:16:01]} 10. O-O
{[%clk 1:22:29]} Re8 {[%clk 1:16:24]} 11. h3 {[%clk 1:22:45]} a6 {[%clk 1:03:27]}
12. a4 {[%clk 1:20:54]} g5 {[%clk 1:02:32]} 13. Nc4 {[%clk 1:19:53]} Nxe4
{[%clk 1:01:51]} 14. Nxe4 {[%clk 1:20:19]} Rxe4 {[%clk 1:02:17]} 15. Nxd6
{[%clk 1:20:36]} Rd4 {[%clk 1:02:21]} 16. Qc2 {[%clk 1:20:45]} Ne5
{[%clk 0:58:30]} 17. Nxc8 {[%clk 1:18:16]} Rxc8 {[%clk 0:58:50]} 18. Be3
{[%clk 1:10:20]} Rxd5 {[%clk 0:58:43]} 19. Rad1 {[%clk 1:10:39]} h6
{[%clk 0:35:23]} 20. Qe4 {[%clk 1:03:38]} Rxd1 {[%clk 0:34:44]} 21. Rxd1
{[%clk 1:04:06]} Qe7 {[%clk 0:30:56]} 22. Rd5 {[%clk 0:55:20]} c4
{[%clk 0:27:23]} 23. Bg4 {[%clk 0:47:08]} Rd8 {[%clk 0:15:56]} 24. Bf5
{[%clk 0:32:49]} Rxd5 {[%clk 0:14:55]} 25. Qxd5 {[%clk 0:33:17]} Nc6
{[%clk 0:15:14]} 26. Qxc4 {[%clk 0:33:09]} Bxb2 {[%clk 0:15:40]} 27. Be4
{[%clk 0:33:04]} Bd4 {[%clk 0:13:03]} 28. Bxc6 {[%clk 0:29:46]} Bxe3
{[%clk 0:13:16]} 29. Bd5 {[%clk 0:25:46]} Bc5 {[%clk 0:05:28]} 30. Bxf7+
{[%clk 0:25:31]} Kg7 {[%clk 0:05:55]} 31. Be6 {[%clk 0:25:21]} Kf6
{[%clk 0:06:12]} 32. Kf1 {[%clk 0:11:14]} Bxf2 {[%clk 0:03:38]} 33. Kxf2
{[%clk 0:11:43]} Qxe6 {[%clk 0:04:03]} 34. Qd4+ {[%clk 0:12:05]} Kg6
{[%clk 0:04:16]} 35. Kg1 {[%clk 0:12:08]} b5 {[%clk 0:01:54]} 36. Qd3+
{[%clk 0:10:53]} Kg7 {[%clk 0:01:20]} 37. Qd4+ {[%clk 0:10:19]} Kf7
{[%clk 0:01:17]} 38. axb5 {[%clk 0:03:04]} axb5 {[%clk 0:01:41]} 39. Qa7+
{[%clk 0:03:10]} Kg6 {[%clk 0:02:01]} 40. Qb8 {[%clk 0:03:37]} Qe3+
{[%clk 0:02:15]} 41. Kf1 {[%clk 0:01:34]} Qf4+ {[%clk 0:02:41]} 42. Qxf4
{[%clk 0:29:59]} gxf4 {[%clk 0:33:08]} 0-1

[Event "PRAGUE OPEN 2020 - A - IM open"]
[Site "?"]
[Date "2020.01.17"]
[Round "9"]
[White "Ludvik, Tomas"]
[Black "Peng, Hongchi"]
[Result "0-1"]
[BlackElo "2362"]
[WhiteElo "2272"]
[LiveChessVersion "1.4.8"]

1. d4 {[%clk 1:30:57]} f5 {[%clk 1:30:32]} 2. Bg5 {[%clk 1:31:16]} Nf6
{[%clk 1:30:43]} 3. e3 {[%clk 1:31:25]} b6 {[%clk 1:30:34]} 4. Nd2
{[%clk 1:16:46]} e6 {[%clk 1:29:30]} 5. Ngf3 {[%clk 1:15:47]} Bb7
{[%clk 1:29:49]} 6. Bd3 {[%clk 1:15:23]} Be7 {[%clk 1:29:53]} 7. Bxf6
{[%clk 1:13:39]} Bxf6 {[%clk 1:29:47]} 8. e4 {[%clk 1:13:31]} g6 {[%clk 1:26:34]}
9. Qe2 {[%clk 1:11:59]} Qe7 {[%clk 1:26:18]} 10. c3 {[%clk 1:09:15]} fxe4
{[%clk 1:25:24]} 11. Nxe4 {[%clk 1:08:58]} Bg7 {[%clk 1:25:38]} 12. h4
{[%clk 0:55:44]} Nc6 {[%clk 1:25:51]} 13. a4 {[%clk 0:50:30]} a5 {[%clk 1:24:46]}
14. h5 {[%clk 0:50:13]} O-O-O {[%clk 1:23:26]} 15. h6 {[%clk 0:47:07]} Bf6
{[%clk 1:22:04]} 16. Ba6 {[%clk 0:45:44]} Nb8 {[%clk 1:21:33]} 17. Bxb7+
{[%clk 0:45:57]} Kxb7 {[%clk 1:22:00]} 18. O-O {[%clk 0:44:48]} Nc6
{[%clk 1:16:01]} 19. Rfb1 {[%clk 0:41:20]} Ra8 {[%clk 1:14:37]} 20. Qb5
{[%clk 0:39:40]} Na7 {[%clk 1:12:55]} 21. Qd3 {[%clk 0:37:24]} d5
{[%clk 1:09:13]} 22. Ned2 {[%clk 0:36:29]} Nc6 {[%clk 1:09:11]} 23. Re1
{[%clk 0:34:50]} Qd6 {[%clk 1:09:06]} 24. Nb3 {[%clk 0:33:47]} e5
{[%clk 1:01:31]} 25. dxe5 {[%clk 0:31:49]} Nxe5 {[%clk 0:59:41]} 26. Nxe5
{[%clk 0:31:52]} Bxe5 {[%clk 1:00:09]} 27. Rad1 {[%clk 0:25:57]} Rhd8
{[%clk 0:59:56]} 28. Qf3 {[%clk 0:24:47]} Qf6 {[%clk 0:58:03]} 29. Qxf6
{[%clk 0:17:04]} Bxf6 {[%clk 0:58:30]} 30. f4 {[%clk 0:17:25]} Rd6
{[%clk 0:51:10]} 31. Nd4 {[%clk 0:08:38]} Rf8 {[%clk 0:51:38]} 32. g3
{[%clk 0:03:29]} Rf7 {[%clk 0:48:31]} 33. Nb5 {[%clk 0:02:33]} Rdd7
{[%clk 0:48:51]} 34. Re6 {[%clk 0:02:28]} Be7 {[%clk 0:49:16]} 35. Kg2
{[%clk 0:01:52]} g5 {[%clk 0:38:45]} 36. Rf1 {[%clk 0:00:47]} gxf4
{[%clk 0:39:03]} 37. gxf4 {[%clk 0:00:45]} c6 {[%clk 0:38:01]} 38. Nd4
{[%clk 0:01:06]} c5 {[%clk 0:38:24]} 39. Nb5 {[%clk 0:00:46]} d4 {[%clk 0:38:16]}
40. cxd4 {[%clk 0:00:53]} cxd4 {[%clk 0:38:44]} 41. Kf3 {[%clk 0:22:22]} d3
{[%clk 1:08:01]} 42. Rd1 {[%clk 0:22:05]} Rf8 {[%clk 1:05:00]} 43. Ke4
{[%clk 0:20:52]} d2 {[%clk 1:04:26]} 44. f5 {[%clk 0:10:33]} Bb4 {[%clk 0:56:37]}
45. f6 {[%clk 0:08:21]} Rfd8 {[%clk 0:56:46]} 46. Re5 {[%clk 0:06:46]} Bf8
{[%clk 0:52:11]} 47. Nc3 {[%clk 0:05:26]} Kc6 {[%clk 0:51:51]} 48. Re6+
{[%clk 0:02:56]} Kc5 {[%clk 0:52:00]} 49. Kf5 {[%clk 0:02:10]} Bxh6
{[%clk 0:45:23]} 50. Re7 {[%clk 0:00:51]} Kc4 {[%clk 0:35:24]} 51. Rxd7
{[%clk 0:01:00]} Rxd7 {[%clk 0:35:52]} 52. Ke6 {[%clk 0:01:21]} Rd3
{[%clk 0:35:31]} 53. Rh1 {[%clk 0:00:43]} Bf8 {[%clk 0:35:33]} 54. Kf7
{[%clk 0:00:34]} Bb4 {[%clk 0:35:03]} 55. Nd1 {[%clk 0:00:54]} Rf3
{[%clk 0:35:31]} 56. Kg7 {[%clk 0:00:43]} Kd3 {[%clk 0:35:25]} 57. f7
{[%clk 0:01:03]} Ke2 {[%clk 0:35:38]} 58. Kg8 {[%clk 0:00:32]} h5
{[%clk 0:35:33]} 59. Kg7 {[%clk 0:00:33]} h4 {[%clk 0:36:00]} 60. Kg8
{[%clk 0:00:40]} h3 {[%clk 0:36:12]} 61. b3 {[%clk 0:00:33]} Rf1 {[%clk 0:36:15]}
62. Rxf1 {[%clk 0:00:34]} Kxf1 {[%clk 0:36:41]} 63. Ne3+ {[%clk 0:00:49]} Ke2
{[%clk 0:36:54]} 64. Nc2 {[%clk 0:00:35]} d1=Q {[%clk 0:36:55]} 65. Nxb4
{[%clk 0:00:59]} Qd8+ {[%clk 0:37:01]} 0-1

[Event "PRAGUE OPEN 2020 - A - IM open"]
[Site "?"]
[Date "2020.01.17"]
[Round "9"]
[White "Sindler, Michal"]
[Black "Svanda, Ondrej"]
[Result "1/2-1/2"]
[BlackElo "2257"]
[WhiteElo "2119"]
[LiveChessVersion "1.4.8"]

1. e4 {[%clk 1:29:30]} c5 {[%clk 1:30:59]} 2. Nf3 {[%clk 1:29:54]} e6
{[%clk 1:31:25]} 3. d3 {[%clk 1:30:02]} Nc6 {[%clk 1:31:50]} 4. g3
{[%clk 1:30:21]} Nf6 {[%clk 1:32:13]} 5. Bg2 {[%clk 1:30:14]} Be7
{[%clk 1:32:37]} 6. O-O {[%clk 1:30:18]} O-O {[%clk 1:33:01]} 7. Re1
{[%clk 1:29:42]} d6 {[%clk 1:33:26]} 8. c3 {[%clk 1:23:12]} Bd7 {[%clk 1:33:53]}
9. Nbd2 {[%clk 1:18:37]} Qc7 {[%clk 1:34:21]} 10. a3 {[%clk 1:17:36]} Ne5
{[%clk 1:34:44]} 11. Nxe5 {[%clk 1:13:56]} dxe5 {[%clk 1:35:11]} 12. a4
{[%clk 1:12:57]} Bc6 {[%clk 1:32:57]} 13. Nc4 {[%clk 1:10:27]} Nd7
{[%clk 1:26:30]} 14. f4 {[%clk 1:07:53]} exf4 {[%clk 1:23:41]} 15. Bxf4
{[%clk 1:06:01]} e5 {[%clk 1:22:08]} 16. Bd2 {[%clk 1:04:47]} Rfd8
{[%clk 1:16:19]} 17. Qf3 {[%clk 0:57:28]} Nb6 {[%clk 1:07:18]} 18. Ne3
{[%clk 0:40:59]} Bxa4 {[%clk 0:51:14]} 19. Nd5 {[%clk 0:38:54]} Nxd5
{[%clk 0:49:06]} 20. exd5 {[%clk 0:37:36]} Bd7 {[%clk 0:42:50]} 21. d6
{[%clk 0:33:03]} Qxd6 {[%clk 0:36:45]} 22. Qxb7 {[%clk 0:30:39]} Rab8
{[%clk 0:37:08]} 23. Qe4 {[%clk 0:29:53]} Rxb2 {[%clk 0:34:46]} 24. Bc1
{[%clk 0:24:41]} Rb6 {[%clk 0:22:40]} 25. d4 {[%clk 0:21:52]} Bc6
{[%clk 0:17:45]} 26. Qxe5 {[%clk 0:21:25]} Qxe5 {[%clk 0:16:09]} 27. Rxe5
{[%clk 0:19:14]} Bd6 {[%clk 0:15:28]} 28. Re2 {[%clk 0:17:20]} Bxg2
{[%clk 0:13:54]} 29. Kxg2 {[%clk 0:16:54]} cxd4 {[%clk 0:14:07]} 30. cxd4
{[%clk 0:16:52]} Ra8 {[%clk 0:12:36]} 31. Rea2 {[%clk 0:16:43]} a6
{[%clk 0:11:31]} 32. Ba3 {[%clk 0:13:14]} g6 {[%clk 0:11:33]} 33. Bc5
{[%clk 0:12:52]} Rc6 {[%clk 0:11:24]} 34. Bxd6 {[%clk 0:09:32]} Rxd6
{[%clk 0:11:53]} 35. Kf3 {[%clk 0:08:46]} Kg7 {[%clk 0:12:19]} 36. Ke4
{[%clk 0:08:26]} f5+ {[%clk 0:12:41]} 37. Kd3 {[%clk 0:07:41]} g5
{[%clk 0:12:42]} 38. Ra5 {[%clk 0:06:52]} Kg6 {[%clk 0:13:07]} 39. d5
{[%clk 0:06:21]} Kh5 {[%clk 0:12:23]} 40. Kd4 {[%clk 0:05:55]} Rad8
{[%clk 0:08:40]} 41. R1a2 {[%clk 0:30:02]} h6 {[%clk 0:37:07]} 42. Ke5
{[%clk 0:24:26]} 1/2-1/2

[Event "PRAGUE OPEN 2020 - A - IM open"]
[Site "?"]
[Date "2020.01.17"]
[Round "9"]
[White "Llopis De Aysa, Manuel"]
[Black "Riha, Vojtech"]
[Result "1/2-1/2"]
[BlackElo "2247"]
[WhiteElo "2066"]
[LiveChessVersion "1.4.8"]

1. d4 {[%clk 1:30:57]} Nf6 {[%clk 1:30:55]} 2. Nf3 {[%clk 1:31:20]} g6
{[%clk 1:31:10]} 3. c4 {[%clk 1:31:34]} Bg7 {[%clk 1:31:19]} 4. Nc3
{[%clk 1:31:52]} O-O {[%clk 1:31:06]} 5. e4 {[%clk 1:32:14]} d6 {[%clk 1:31:29]}
6. Be2 {[%clk 1:32:37]} e5 {[%clk 1:31:51]} 7. d5 {[%clk 1:32:51]} a5
{[%clk 1:31:17]} 8. Bg5 {[%clk 1:33:03]} h6 {[%clk 1:31:20]} 9. Be3
{[%clk 1:32:45]} Ng4 {[%clk 1:27:58]} 10. Bc1 {[%clk 1:32:57]} f5
{[%clk 1:26:03]} 11. exf5 {[%clk 1:33:13]} gxf5 {[%clk 1:20:19]} 12. g3
{[%clk 1:32:27]} Na6 {[%clk 1:17:37]} 13. Nh4 {[%clk 1:32:34]} Nc5
{[%clk 1:15:00]} 14. O-O {[%clk 1:31:36]} Nf6 {[%clk 1:12:09]} 15. f4
{[%clk 1:31:19]} e4 {[%clk 1:07:47]} 16. Be3 {[%clk 1:30:53]} Kh7
{[%clk 1:03:00]} 17. h3 {[%clk 1:26:14]} Qe7 {[%clk 1:00:19]} 18. Nb5
{[%clk 1:19:16]} Bd7 {[%clk 0:47:50]} 19. Nd4 {[%clk 1:15:36]} Ne8
{[%clk 0:38:23]} 20. Bh5 {[%clk 1:09:43]} Bxd4 {[%clk 0:36:10]} 21. Bg6+
{[%clk 1:06:19]} Kg8 {[%clk 0:36:29]} 22. Bxd4 {[%clk 0:56:07]} Ng7
{[%clk 0:36:30]} 23. Re1 {[%clk 0:44:30]} b6 {[%clk 0:31:26]} 24. b3
{[%clk 0:40:16]} c6 {[%clk 0:27:38]} 25. Bb2 {[%clk 0:34:29]} cxd5
{[%clk 0:25:22]} 26. Qxd5+ {[%clk 0:25:35]} Be6 {[%clk 0:25:21]} 27. Qd4
{[%clk 0:25:36]} Nd3 {[%clk 0:23:25]} 28. Re2 {[%clk 0:20:56]} Nxb2
{[%clk 0:18:00]} 29. Rxb2 {[%clk 0:21:21]} Rf6 {[%clk 0:15:18]} 30. Rd1
{[%clk 0:19:46]} Rd8 {[%clk 0:07:05]} 31. Rbd2 {[%clk 0:08:50]} Bc8
{[%clk 0:06:23]} 32. Qxb6 {[%clk 0:08:13]} Bb7 {[%clk 0:02:47]} 33. Re2
{[%clk 0:06:12]} d5 {[%clk 0:01:34]} 34. Qe3 {[%clk 0:01:08]} dxc4
{[%clk 0:01:11]} 35. Rxd8+ {[%clk 0:01:05]} Qxd8 {[%clk 0:01:37]} 36. Rd2
{[%clk 0:00:55]} Rd6 {[%clk 0:00:38]} 37. Rxd6 {[%clk 0:00:47]} Qxd6
{[%clk 0:01:05]} 38. bxc4 {[%clk 0:00:36]} Qd1+ {[%clk 0:00:50]} 39. Kg2
{[%clk 0:00:32]} Qc2+ {[%clk 0:00:48]} 40. Kg1 {[%clk 0:00:36]} Qb1+
{[%clk 0:00:40]} 41. Kh2 {[%clk 0:13:38]} Qxa2+ {[%clk 0:31:00]} 42. Ng2
{[%clk 0:14:03]} Qxc4 {[%clk 0:26:57]} 43. Qb6 {[%clk 0:12:11]} Qb4
{[%clk 0:21:27]} 44. Qd8+ {[%clk 0:11:16]} Qf8 {[%clk 0:21:53]} 45. Qxa5
{[%clk 0:09:27]} Qf6 {[%clk 0:15:25]} 46. Qc7 {[%clk 0:06:07]} Qxg6
{[%clk 0:14:46]} 1/2-1/2

[Event "PRAGUE OPEN 2020 - A - IM open"]
[Site "?"]
[Date "2020.01.17"]
[Round "9"]
[White "Ochedzan, Tymon"]
[Black "Martynyuk, Elizaveta"]
[Result "1/2-1/2"]
[BlackElo "2053"]
[WhiteElo "2140"]
[LiveChessVersion "1.4.8"]

1. e4 c5 2. Nf3 Nc6 3. d4 cxd4 4. Nxd4 g6 5. c4 Nf6 6. Nc3 Nxd4 7. Qxd4 d6 8. Be2
Bg7 9. Bg5 O-O 10. O-O a5 11. Qe3 a4 12. Rac1 Be6 13. f4 Qa5 14. f5 gxf5 15. exf5
Bxf5 16. Qxe7 Qb6+ 17. Qe3 Qxe3+ 18. Bxe3 Bg4 19. Bd3 Nd7 20. Bf4 Nc5 21. Bb1 Ra6
22. Rfe1 Rb6 23. Nb5 Bxb2 24. Bxd6 Rc8 25. Rc2 Nd3 26. Rf1 Bd7 27. Rf3 Bxb5 28.
Rxd3 Bxc4 29. Be7 f6 30. Rd1 Kf7 31. Bd6 Rcc6 32. Bf4 Be6 33. Be3 Rxc2 34. Bxc2
Rb4 35. Rd6 Bxa2 36. Bf5 Be5 37. Rd7+ Ke8 38. Bc5 Rb5 39. Re7+ Kd8 40. Rd7+ Ke8
41. Re7+ 1/2-1/2

[Event "PRAGUE OPEN 2020 - A - IM open"]
[Site "Praha, Olympik hotel"]
[Date "2020.01.17"]
[Round "9"]
[White "PLASIL, Petr"]
[Black "KVALOY, Aksel Bu"]
[Result "0-1"]
[WhiteElo "1978"]
[BlackElo "2132"]
[PlyCount "64"]
[EventDate "2020.01.10"]

1. d4 Nf6 2. c4 e6 3. Nf3 d5 4. Nc3 Bb4 5. Bg5 dxc4 6. e3 b5 7. Be2 Bb7 8. O-O
a6 9. a4 c6 10. Ne5 Nbd7 11. f4 Qc7 12. Nxd7 Nxd7 13. e4 O-O 14. Rf3 f6 15. Bh4
Rad8 16. Qc2 c5 17. dxc5 Nxc5 18. axb5 axb5 19. Nxb5 Qb6 20. Qxc4 Nxe4+ 21. Kh1
Bc5 22. Rd3 Bd5 23. Qc2 Bf2 24. Bg3 Bxg3 25. hxg3 Qxb5 26. Re3 Qb7 27. Bd3 Rc8
28. Qe2 f5 29. Ba6 Qa7 30. Rea3 Nf2+ 31. Kh2 Ng4+ 32. Kh1 Qf7 0-1

[Event "PRAGUE OPEN 2020 - A - IM open"]
[Site "Praha, Olympik hotel"]
[Date "2020.01.17"]
[Round "9"]
[White "MIS, Mieszko"]
[Black "SVOBODOVA, Michaela"]
[Result "1-0"]
[WhiteElo "2349"]
[BlackElo "2015"]
[PlyCount "51"]
[EventDate "2020.01.10"]

1. Nf3 d5 2. d4 Nf6 3. c4 c6 4. Qb3 dxc4 5. Qxc4 Qd5 6. Qa4 b5 7. Qd1 e6 8. g3
Bb4+ 9. Bd2 a5 10. Bg2 Ne4 11. O-O Nxd2 12. Nbxd2 Bb7 13. Qc2 O-O 14. Ne4 Nd7
15. a3 Be7 16. Ne5 Qxd4 17. Rfd1 Qxe5 18. Rxd7 Bf6 19. Nxf6+ Qxf6 20. Rxb7 Rad8
21. Rc7 Rd4 22. Rxc6 Rfd8 23. Rc8 g6 24. Rc1 Kg7 25. Rxd8 Qxd8 26. e3 1-0